|
|
|
|
| LEADER |
00000nam0a2200000 4500 |
| 001 |
281181 |
| 005 |
20231101235358.0 |
| 035 |
|
|
|a (RuTPU)RU\TPU\book\304839
|
| 090 |
|
|
|a 281181
|
| 100 |
|
|
|a 20150119d1986 m y0rusy50 ca
|
| 101 |
0 |
|
|a rus
|
| 102 |
|
|
|a RU
|
| 105 |
|
|
|a y z 001zy
|
| 200 |
1 |
|
|a Локационное распространение лазерного излучения в турбулентной атмосфере
|f В. А. Банах, В. Л. Миронов
|g Академия наук СССР (АН СССР), Сибирское отделение (СО), Институт оптики атмосферы (ИОА) ; под ред. В. Е. Зуева
|
| 210 |
|
|
|a Новосибирск
|c Наука
|d 1986
|
| 215 |
|
|
|a 173 с.
|
| 320 |
|
|
|a Библиогр.: с. 159-168
|
| 606 |
1 |
|
|a Атмосфера
|x Зондирование лазерное
|2 stltpush
|3 (RuTPU)RU\TPU\subj\29634
|9 52918
|
| 606 |
|
|
|a Лазерная локация
|x Статистические методы
|2 stltpush
|3 (RuTPU)RU\TPU\subj\39796
|9 59705
|
| 610 |
1 |
|
|a геология
|
| 610 |
1 |
|
|a турбулентная атмосфера
|
| 610 |
1 |
|
|a лазерное излучение
|
| 610 |
1 |
|
|a оптические волны
|
| 610 |
1 |
|
|a обратное рассеяние
|
| 610 |
1 |
|
|a когерентность
|
| 610 |
1 |
|
|a корреляции
|
| 610 |
1 |
|
|a флуктуации
|
| 610 |
1 |
|
|a случайные смещения
|
| 675 |
|
|
|a 551.501.8
|v 3
|
| 700 |
|
1 |
|a Банах
|b В. А.
|g Виктор Арсентьевич
|
| 701 |
|
1 |
|a Миронов
|b В. Л.
|g Валерий Леонидович
|
| 702 |
|
1 |
|a Зуев
|b В. Е.
|4 340
|
| 712 |
0 |
2 |
|a Академия наук СССР (АН СССР)
|b Сибирское отделение (СО)
|b Институт оптики атмосферы (ИОА)
|c (Томск)
|2 stltpush
|3 (RuTPU)RU\TPU\col\11569
|
| 801 |
|
1 |
|a RU
|b 63413507
|c 20150119
|
| 801 |
|
2 |
|a RU
|b 63413507
|c 20170124
|g RCR
|
| 942 |
|
|
|c BK
|